Представление документа в формате RUSMARC

ПолеНазваниеЗначение
  Тип записи a
  Библиографический уровень m
001 Контрольный номер RU/ГПНТБ России/KNIGADB/84(2=411.2)6/Г 71-373269742
005 Дата корректировки 20211220163411.4
010 Индекс ISBN __
a ISBN 978-5-521-05278-3
b Уточнения в пер.
d Цена 532-83
100 Данные общей обработки __
a Данные общей обработки 20210125d2017####me y0rusy028902 ca
101 Язык документа 0_
a Язык текста rus
102 Страна публикации __
a Страна публикации RU
105 Кодированные данные (монография) __
a Кодированные данные (монография) y z 000ay
181 Поле кодированных данных: вид содержания _0
a Код вида содержания (ISBD) i
182 Поле кодированных данных: тип средства _0
a Код типа средства (ISBD) n
200 Заглавие и сведения об ответственности 1_
a Заглавие Сказки об Италии
f Первые сведения об ответственности Максим Горький
203 Вид содержания и тип средства __
a Вид содержания Текст
c Тип средства непосредственный
210 Выходные данные 1_
a Место издания Москва
c Издательство T8 RUGRAM
d Дата издания 2017
215 Физическое описание __
a Объем 158, [1] с.
d Формат 22 см
330 Аннотация __
a Аннотация Максим Горький (1868-1936) - основоположник социалистического реализма, принадлежащий к числу писателей, определивших образ русской литературы XX века. В прозе, драматургии и мемуарах Горький мастерски отразил социальные типы, общественные отношения, историю, быт и культуру России первой трети XX века. "Сказки об Италии" - это цикл из 27 небольших, но увлекательных рассказов, созданных Горьким в 1911-1913 гг., в период его первой эмиграции. В основу произведений легли впечатления писателя от увиденного во время путешествий по Италии и жизни на острове Капри.
333 Примечание о целевом назначении __
a Примечание о целевом назначении 16+. Для детей старше 16 лет
606 Тематические рубрики __
a Основная рубрика Художественная литература
606 Тематические рубрики __
a Основная рубрика Русская литература XX в. (произведения)
610 Ключевые слова 0_
a Ключевые слова рассказы
610 Ключевые слова 0_
a Ключевые слова сказки
610 Ключевые слова 0_
a Ключевые слова классика
610 Ключевые слова 0_
a Ключевые слова классическая литература
610 Ключевые слова 0_
a Ключевые слова тема Италии
610 Ключевые слова 0_
a Ключевые слова тема жизни
610 Ключевые слова 0_
a Ключевые слова тема приключений
686 Индексы других классификаций __
2 Код системы rubbks
a Классификационный индекс 84(2=411.2)6-4; ст84(2=411.2)6-4
700 Автор _1
a Фамилия Горький
b Имя М.
g Полное личное имя Максим
f Даты 1868-1936
4 Код отношения 070
c Титул (звания) Пешков, Алексей Максимович
790 Имя лица - альтернативная форма _1
a Имя лица - альтернативная форма Пешков
f Даты 1868-1936
b Имя А. М.
g Полное личное имя Алексей Максимович
801 Источник записи _0
b Организация ГПНТБ России
a Страна RU
c Дата составления 20210125
g Правила каталогизации PSBO
801 Источник записи _1
b Организация ГПНТБ России
a Страна RU
c Дата составления 20210125
g Правила каталогизации PSBO
852 Данные о местонахождении 5_
i Авторский знак Г 71
j Шифр хранения 84(2=411.2)6-4
900 Макрообъекты __
a Макрообъекты Сказки об Италии, М.Горький, 2017
901 Тип документа __
a Ответственный ООФиК/Волкова
t Тип документа m
903 Характеристики (МАРС) __
a Дата передачи 20210217
c Наименование библиотеки (МАРС) Муниципальное бюджетное учреждение культуры "Централизованная библиотечная система" г. Сургут (Центральная городская библиотека им. А. С. Пушкина)
990 Данные о заказе (DOS) __
j Количество экземпляров (DOS) 1
t N записи в КСУ для И/У (DOS) 202103